| 000 | 01138nam a22003257a 4500 | ||
|---|---|---|---|
| 003 | CHAP | ||
| 005 | 20220329135639.0 | ||
| 008 | 971013s1970 r 00010 d | ||
| 010 | _a39869 | ||
| 011 | _a40841 | ||
| 035 | _a44967 | ||
| 040 | _cCHAP | ||
| 090 | _aFolleto 2863y | ||
| 110 | 1 |
_aE.U.A. Department of Health, Education and Welfare _934907 |
|
| 245 | 1 | _aClaves para la identificación de mosquitos comunes de Estados Unidos | |
| 260 |
_aMéxico, D. F. : _bCentro Regional de Ayuda Técnica, _c1970 |
||
| 300 |
_a42 p. _b: ilus. |
||
| 490 | _aGuía instructivo. Serie : lucha contra insectos | ||
| 590 |
_aBATCH-UPD _b10 _c20130110 _lUCH01 _h2129 |
||
| 590 |
_aBATCH-UPD _b10 _c20130410 _lUCH01 _h1439 |
||
| 590 |
_aBATCH-UPD _b10 _c20130914 _lUCH01 _h1314 |
||
| 590 |
_aCONVERSION _b10 _c20130109 _lUCH01 _h1322 |
||
| 650 | 1 | 4 |
_aEntomología _xE.U.A. _937126 |
| 650 | 1 | 4 |
_aMosquitos. _979027 |
| 830 | 0 |
_aGuía instructivo. Serie : lucha contra insectos _951492 |
|
| 901 | _aBK | ||
| 942 | _cFOLL | ||
| 949 |
_aFolleto 2863y _bBC _cFOLL _d-102985 _eTS1 _i44967 _si |
||
| 949 |
_aFolleto 2863y _bBC _cFOLL _d-102986 _eTS2 _fc.2 _i44967 _si |
||
| 999 |
_c39869 _d39869 |
||